Taller de ecología : tomo 1 /

Guardado en:
Autor Principal: Hurrell, Julio
Otros Autores: Jordán, Pablo
Formato: Libro
Publicado: Buenos Aires : Talleres Educativos, 1995
Series:Serie T
Materias:
Etiquetas: Agregar Etiqueta
Sin Etiquetas, Sea el primero en etiquetar este registro!
LEADER 00824nam a22002415a 4500
001 CEM.cems008983
005 20090918113725.0
008 130507s1995##################000#0#####d
003 CEMS
020 |a 9879018028 
082 0 4 |a 574.5 
100 1 |a Hurrell, Julio 
245 1 0 |a Taller de ecología :  |b tomo 1 /  |c Pablo Jordan, Julio Hurrell 
260 |a Buenos Aires :  |b Talleres Educativos,  |c 1995 
300 |a 189 p. 
490 0 |a Serie T 
500 |a Más de 200 propuestas de trabajo para 1º, 2º y 3º ciclo Educación General Básica 
505 0 |a Aprender y enseñar ecología -- Las características globales del Medio 
653 |a Ecología 
653 |a Tectónica de placas 
653 |a Ley federal de educación 
700 1 |a Jordán, Pablo 
859 |a CEMS  |b BIB. CEMS - 11 de abril  |h 574.5  |i H941  |p 18567.95  |t Ej.1  |v 1  |3 1